• 首页
  • 本馆介绍
  • 公告通知
  • 最新文献
  • 馆藏检索
  • 电子资源
  • 读者导购
  • 参考咨询
  • 我的图书馆
  • 登录
  • 详细信息显示
  • 放入我的书架
  • 预约/预借图书
  • 作者相关作品
  • 分类相关作品
  • 丛书相关作品
  • 出版社相关作品

书目信息

  • 表格格式
  • 工作单格式
  • 卡片格式
题名:
中华圣贤经
    
 
作者: 范毅然 编著
分册:  
出版信息: 北京   中国华侨出版社  2018
页数: 245页
开本: 21cm
丛书名:
单 册:
中图分类: B21
科图分类:
主题词: 古典哲学--gu dian zhe xue--中国--通俗读物
电子资源:
ISBN: 978-7-5113-7152-2
000 00870nam0 2200253 45
001 012001007214
005 20131018173330.0
010    @a978-7-5113-7152-2@dCNY36.00
099    @aCAL 012018027706
100    @a20180130d2018 em y0chiy50 ea
101 0  @achi
102    @aCN@b110000
105    @aa z 000yy
106    @ar
200 1  @a中华圣贤经@Azhong hua sheng xian jing@f范毅然编著
210    @a北京@c中国华侨出版社@d2018
215    @a245页@c彩图@d21cm
330    @a本书收录了多本古代哲书中的经典语句,从中采撷精华,内容涉及人生理想、品德修养、探索求知、成功励志、为人处世、修身养性等各个方面,并且在名言后标有作者或出处。
333    @a哲学爱好者、青年读者及相关读者。
606 0  @a古典哲学@Agu dian zhe xue@y中国@j通俗读物
690    @aB21@v5
701  0 @a范毅然@Afan yi ran@4编著
801  2 @aCN@b上海新华@c20191020
905    @b1176283-6@dB21@e212@f4
    
    中华圣贤经/范毅然编著.-北京:中国华侨出版社,2018
    245页:彩图;21cm
    使用对象:哲学爱好者、青年读者及相关读者。
    
    ISBN 978-7-5113-7152-2:CNY36.00
    本书收录了多本古代哲书中的经典语句,从中采撷精华,内容涉及人生理想、品德修养、探索求知、成功励志、为人处世、修身养性等各个方面,并且在名言后标有作者或出处。
●
相关链接 在E读中查询图书 在五车中查询图书 在当当中查询图书 在豆瓣中查询图书


正题名:中华圣贤经     索取号:B21/212         预约/预借

序号 登录号 条形码 馆藏地/架位号 状态 备注
1 1176283   211762831   第一样本阅览室/ [索取号:B21/212] 在馆    
2 1176284   211762840   第一借阅区/ [索取号:B21/212] 在馆    
3 1176285   211762859   第一借阅区/ [索取号:B21/212] 在馆    
4 1176286   211762868   第一借阅区/ [索取号:B21/212] 在馆    
唐山师范学院图书馆 欢迎您!
大连网信软件有限公司© 版权所有